Loading...
| History - World | 0 | 6 | 1 | 1 | 55 | 16 | 59.50 | 1 | 3 | 0.00 | 0.00 |
| Fine Arts - Other | 0 | 5 | 0 | 1 | 50 | 51 | 74.20 | 1 | 4 | 0.00 | 0.00 |
| History - Other | 0 | 5 | 1 | 0 | 45 | 49 | 72.80 | 1 | 3 | 0.00 | 0.00 |
| Painting/Sculpture | 0 | 4 | 1 | 0 | 35 | 35 | 88.00 | 1 | 3 | 0.00 | 0.00 |
| History - American | 0 | 4 | 1 | 1 | 35 | 43 | 67.00 | 0 | 1 | 0.00 | 0.00 |
| Pop Culture | 0 | 3 | 0 | 0 | 30 | 23 | 39.33 | 2 | 2 | 0.00 | 0.00 |
| Religion | 0 | 3 | 0 | 0 | 30 | 70 | 83.33 | 0 | 2 | 0.00 | 0.00 |
| History - European | 0 | 3 | 1 | 0 | 25 | 11 | 49.67 | 1 | 2 | 0.00 | 0.00 |
| Mythology | 0 | 2 | 0 | 1 | 20 | 49 | 81.50 | 0 | 1 | 0.00 | 0.00 |
| Literature - British | 0 | 2 | 0 | 0 | 20 | 18 | 23.00 | 2 | 2 | 0.00 | 0.00 |
| Science - Biology | 0 | 2 | 0 | 1 | 20 | 63 | 85.00 | 0 | 0 | 0.00 | 0.00 |
| Geography | 0 | 2 | 1 | 0 | 15 | 59 | 70.00 | 0 | 1 | 0.00 | 0.00 |
| Literature - American | 0 | 1 | 0 | 1 | 10 | 116 | 116.00 | 0 | 0 | 0.00 | 0.00 |
| Fine Arts - Classical Music | 0 | 1 | 0 | 0 | 10 | 87 | 87.00 | 0 | 0 | 0.00 | 0.00 |
| Science - Other | 0 | 1 | 0 | 0 | 10 | 58 | 58.00 | 0 | 1 | 0.00 | 0.00 |
| Literature - World | 0 | 1 | 0 | 0 | 10 | 63 | 63.00 | 1 | 1 | 0.00 | 0.00 |
| Social Science | 0 | 1 | 1 | 0 | 5 | 82 | 82.00 | 0 | 1 | 0.00 | 0.00 |
| Current Events | 0 | 1 | 2 | 0 | 0 | 34 | 34.00 | 1 | 1 | 0.00 | 0.00 |